[Event "Wch U12 rapid"]
[Site "Batumi"]
[Date "2023.06.06"]
[Round "2"]
[White "Gvasalia, Gaga"]
[Black "Golubovic, Erik"]
[Result "0-1"]
[WhiteElo "1462"]
[BlackElo "1786"]
[PlyCount "72"]
[EventDate "2023.06.06"]
[EventType "swiss (rapid)"]
[EventRounds "11"]
[EventCountry "GEO"]
[SourceTitle "EXT 2024"]
[Source "ChessBase"]
[SourceDate "2023.10.10"]
[SourceVersion "1"]
[SourceVersionDate "2023.10.10"]
[SourceQuality "1"]
[WhiteTeam "Georgia"]
[BlackTeam "Croatia"]
[WhiteTeamCountry "GEO"]
[BlackTeamCountry "CRO"]

1. e4 c5 2. Nf3 d6 3. d4 cxd4 4. Nxd4 Nf6 5. Nc3 a6 6. Bg5 e6 7. f4 Be7 8. Qf3 Qc7 9. 0-0-0 Nbd7 10. g4 h6 11. Bxf6 Bxf6 12. h4 Nb6 13. g5 Bxd4 14. Rxd4 Qc5 15. Qd3 hxg5 16. b4 Qc7 17. fxg5 Bd7 18. Rxd6 Nc8 19. Rd4 Nb6 20. b5 Rc8 21. Kb2 e5 22. Rb4 a5 23. Rb3 a4 24. Ra3 Qc5 25. Nb1 Qb4+ 26. Ka1 Nc4 27. Qc3 Nxa3 28. Qxa3 Qxe4 29. Rh2 Rxc2 30. Rxc2 Qxc2 31. Qd6 Qe4 32. Qb8+ Ke7 33. Qxh8 Qd4+ 34. Nc3 Qxc3+ 35. Kb1 Bf5+ 36. Bd3 Bxd3# 0-1

[Event "EU-ch Schools U11"]
[Site "Rhodes"]
[Date "2022.04.29"]
[Round "9"]
[White "Gvasalia, Gaga"]
[Black "Erdogmus, Yagiz Kaan"]
[Result "0-1"]
[WhiteElo "1211"]
[BlackElo "2358"]
[PlyCount "50"]
[EventDate "2022.04.21"]
[EventType "swiss"]
[EventRounds "9"]
[EventCountry "GRE"]
[SourceTitle "CBM 208 Extra"]
[Source "ChessBase"]
[SourceDate "2022.07.31"]
[SourceVersion "1"]
[SourceVersionDate "2022.07.31"]
[SourceQuality "1"]

1. e4 c5 2. Nf3 e6 3. d4 cxd4 4. Nxd4 Nc6 5. Nc3 Qc7 6. Be3 a6 7. Qd2 Nf6 8. f3 Be7 9. 0-0-0 b5 10. Bf4 e5 11. Nxc6 dxc6 12. Be3 Be6 13. Kb1 0-0 14. Qf2 a5 15. g4 a4 16. g5 Nh5 17. Ne2 g6 18. Ng3 Nf4 19. h4 b4 20. b3 c5 21. Bb5 c4 22. Bxa4 c3 23. Bb5 Rxa2 24. Kxa2 Qa5+ 25. Kb1 Qxb5 0-1